01849nas a2200241Ia 4500001001100000003001000011008004100021040002500062041001300087100002100100210002500121222002500146245017300171250001100344260004700355300001200402310001500414362003500429500050000464501011400964520050001078650002901578R200-R1704IT-CnALBA170116c99999999xx |||||||||||| ||und|| aIT-CnALBAcIT-CnALBA aITALIANO aGRECO CARLO, SJ. aRASSEGNA DI TEOLOGIA aRASSEGNA DI TEOLOGIA 0aRASSEGNA DI TEOLOGIA. N. V ANNO XXVIII SETTEMBRE OTTOBRE 1987. RIVISTA PER UN AGGIORNAMENTO CRISTIANO TEORICO PRA b RIVISTA PER UN AGGIORNAMENTO CRISTIANO TEORICO PRA  a1a ed. aROMAbAVE, ANONIMA VERITA'S EDITRICEc1987 a104 p.  aBIMESTRALE aFascicolo: 5 / Anno: 28 (1987) aETICA E MANIPOLAZIONE GENETICA. TEOLOGIA TRA HEGEL E SCHLEIERMACHER. REDENZIONE MESSIANICA NELL'EBRAISMO E NEL CRISTIANESIMO. TERAPIA DEL DOLORE MALIGNO. ERMENEUTICA E MORALE. PENSIERO E STORICITÀ. FORUM ATI, ASSOCIAZIONE TEOLOGICA ITALIANA, SEMINARIO ATI CENTRO. FILOSOFI E TEOLOGI DI FRONTE ALLA VERITÀ. METODOLOGIA ED ESPERIENZA FENOMENICO ERMENEUTICA DELLA VERITÀ. VERITÀ DOGAMTICA E NARRATA. QUINZIO S. LUZZANI A. BARBAGLI P. ISCHIA A. BASTIANON E. MOLARI C. IANNOTTA D. VALERIO A.  aSocietà San Paolo EM - Piazza San Paolo, 14 - 12051 ALBA (CN) (non commercial uses only) ® Copyright 2017 aETICA E MANIPOLAZIONE GENETICA. TEOLOGIA TRA HEGEL E SCHLEIERMACHER. REDENZIONE MESSIANICA NELL'EBRAISMO E NEL CRISTIANESIMO. TERAPIA DEL DOLORE MALIGNO. ERMENEUTICA E MORALE. PENSIERO E STORICITÀ. FORUM ATI, ASSOCIAZIONE TEOLOGICA ITALIANA, SEMINARIO ATI CENTRO. FILOSOFI E TEOLOGI DI FRONTE ALLA VERITÀ. METODOLOGIA ED ESPERIENZA FENOMENICO ERMENEUTICA DELLA VERITÀ. VERITÀ DOGAMTICA E NARRATA. QUINZIO S. LUZZANI A. BARBAGLI P. ISCHIA A. BASTIANON E. MOLARI C. IANNOTTA D. VALERIO A.  aTEOLOGIA - SCIENZE UMANE